UM Logo

Sales skills and organizational commitment of a sales agent of the different motorcycle dealers in Digos City/ (Record no. 2927)

MARC details
000 -LEADER
fixed length control field 00642nam a22001577a 4500
008 - FIXED-LENGTH DATA ELEMENTS--GENERAL INFORMATION
fixed length control field 160601b xxu||||| |||| 00| 0 eng d
082 ## - DEWEY DECIMAL CLASSIFICATION NUMBER
Edition number 2014
Classification number UT 0508
Item number So68
100 ## - MAIN ENTRY--PERSONAL NAME
9 (RLIN) 9739
Personal name Soriano, Rejean G.
245 ## - TITLE STATEMENT
Title Sales skills and organizational commitment of a sales agent of the different motorcycle dealers in Digos City/
Statement of responsibility, etc. Rejean G. Soriano, Venieva N. Carin and Arbele B. Abad.
260 ## - PUBLICATION, DISTRIBUTION, ETC. (IMPRINT)
Place of publication, distribution, etc. Digos City:
Name of publisher, distributor, etc. UMDC
Date of publication, distribution, etc. March 2014.
300 ## - PHYSICAL DESCRIPTION
Extent 65 pages;
Dimensions 30 cm.
650 #0 - SUBJECT ADDED ENTRY--TOPICAL TERM
9 (RLIN) 9737
Topical term or geographic name as entry element Business Administration
Form subdivision Financial Management
General subdivision Undergraduate thesis.
700 ## - ADDED ENTRY--PERSONAL NAME
9 (RLIN) 9735
Personal name Carin, Venieva N.
700 ## - ADDED ENTRY--PERSONAL NAME
9 (RLIN) 9736
Personal name Abad, Arbelle B.
942 ## - ADDED ENTRY ELEMENTS (KOHA)
Source of classification or shelving scheme Dewey Decimal Classification
Koha item type Undergraduate Thesis
Holdings
Withdrawn status Lost status Source of classification or shelving scheme Damaged status Not for loan Collection code Home library Current library Date acquired Total Checkouts Full call number Barcode Date last seen Price effective from Koha item type
    Dewey Decimal Classification     Undergraduate Theses UM Digos College - LIC UM Digos College - LIC 06/01/2016   UT 0508 So68 2014 UT0508 06/01/2016 06/01/2016 Undergraduate Thesis